|
|
|
|
| LEADER |
00000nam a2200000 a 4500 |
| 001 |
UCT3437 |
| 003 |
CL-VaPUC |
| 008 |
961024e19630000SP |||||||||||||||||spa|d |
| 082 |
0 |
4 |
|a 220.09
|b FRA
|2 21
|
| 100 |
0 |
|
|a Fraine, J. de
|e author
|9 372373
|
| 245 |
1 |
0 |
|a Atlas histórico y cultural de la Biblia
|
| 300 |
|
|
|a 274 p
|
| 942 |
|
|
|c BK
|
| 945 |
|
|
|d 19961024 00:00:00
|a lriquelm
|
| 260 |
|
|
|a Madrid
|b Taurus
|c 1963
|
| 650 |
|
0 |
|a Biblia
|9 257603
|
| 650 |
|
0 |
|a Historia
|9 255047
|
| 650 |
|
0 |
|a Geografía
|9 259346
|
| 650 |
|
0 |
|a Mapas
|9 260844
|
| 583 |
|
|
|a last modification
|c 19961024 00:00:00
|k Rodrigo Vera
|
| 999 |
|
|
|c 253088
|d 253086
|